MARC

Tag First Indicator Second Indicator Subfields
LEADER 00000cam a2200000 i 4500
001 in00003438136
005 20211120172531.0
006 m o d f
007 cr bn|||||||||
008 100626s1993 dcuab ob f000 0 eng c
019 |a 300636666 
035 |a (OCoLC)ocn644307377 
040 |a OCLCE  |b eng  |e rda  |e pn  |c OCLCE  |d OCLCQ  |d OCLCF  |d GPO  |d MvI  |d UtOrBLW 
042 |a pcc 
049 |a WWW 
074 |a 0431-I-01 (online) 
086 0 |a EP 1.2:OI 5/17 
245 0 0 |a Understanding oil spills and oil spill response /  |c United States Environmental Protection Agency, Office of Emergency and Remedial Response [and] Emergency Response Division. 
246 3 0 |a EPA understanding oil spills and oil spill response 
264 1 |a [Washington] :  |b Environmental Protection Agency, Office of Emergency and Remedial Response [and] Emergency Response Division,  |c 1993. 
300 |a 1 online resource (47 pages) :  |b illustrations, maps. 
336 |a text  |b txt  |2 rdacontent 
337 |a computer  |b c  |2 rdamedia 
338 |a online resource  |b cr  |2 rdacarrier 
490 1 |a Publication / Emergency Response Division ;  |v 9200.5-105 
500 |a Title from title screen (viewed Aug. 18, 2014). 
500 |a "October 1993." 
500 |a At head of title: EPA. 
504 |a Includes bibliographical references (page 47). 
650 0 |a Oil spills  |x Management. 
650 0 |a Oil pollution of water. 
650 0 |a Oil spills  |x Environmental aspects. 
710 1 |a United States.  |b Environmental Protection Agency.  |b Office of Emergency and Remedial Response,  |e issuing body. 
710 1 |a United States.  |b Environmental Protection Agency.  |b Emergency Response Division,  |e issuing body. 
776 0 8 |i Print version:  |t Understanding oil spills and oil spill response  |w (OCoLC)30377403 
830 0 |a Publication (United States. Environmental Protection Agency. Office of Emergency and Remedial Response) ;  |v 9200.5-105. 
856 4 0 |u https://purl.fdlp.gov/GPO/gpo51386  |t 0 
999 |a MARS 
999 f f |s 98b62d94-0f1b-3eeb-b896-8b59b681e61d  |i 818ca343-2d65-345d-9856-b2860ac1c380  |t 0 
952 f f |a Texas A&M University  |b College Station  |c Electronic Resources  |d Available Online  |t 0  |e EP 1.2:OI 5/17  |h Superintendent of Documents classification 
998 f f |a EP 1.2:OI 5/17  |t 0  |l Available Online